000 01172cam a22003377a 4500
003 CHAP
005 20220329142358.0
008 001018d2000 mx a r 00110 spa d
010 _a82634
011 _a83606
035 _a94121
040 _cCHAP
090 _aTesis
100 0 0 _aMoctezuma Alvarez, Lucila.
_976394
245 1 3 _aEl mercado de la pitahaya (Hylocereus sp.)
_c/por Lucia Moctezuma Alvarez.
260 _aChapingo, Méx. :
_bEl autor,
_c2000.
300 _a77 h. :
_bcuads., gráfs., ilus.
502 _aTesis (Lic. en Comercio Internacional de Productos Agropecuarios) -- UACH. División de Ciencias Económico - Administrativas.
590 _aALEPH
_b10
_c20130110
_lUCH01
_h1438
590 _aBATCH-UPD
_b10
_c20130110
_lUCH01
_h0331
590 _aBATCH-UPD
_b10
_c20130110
_lUCH01
_h1752
590 _aCONVERSION
_b10
_c20130109
_lUCH01
_h1346
650 1 4 _aArboles frutales
_xRendimiento.
_96689
650 1 4 _aFruta
_xRendimiento.
_943657
650 1 4 _aHylocereus.
_957087
901 _aBK
905 _aEdna Luz
942 _cFOLL
949 _bBC
_cTES
_d33724000802955
_eTS2
_fc.2
_h37294
_i94121
_si
949 _bBC
_cTES
_d941211
_eTS1
_h37293
_i94121
_sb
999 _c82634
_d82634